000 00804nam a2200229Ii 4500
003 JO-AjNU
008 230605s9999||||xx |||||||||||||| ||und||
017 _a2003/16983
020 _a977-01-8872-7
040 _aJO-AjNU
_bara
_erda
_cJO-AjNU
041 _aara
050 1 4 _aPJ7862 2003
100 3 _aتأليف توفيق، حسن,
_eauthor
_97195
245 0 0 _aرحلات شاعر عاشق مع الشعر والحب في الشرق والغرب
264 3 1 _aالقاهرة:مكتبة الأسرة،2003 ؛ مهرجان القراءة للجميع 2003
300 _a251ص
336 _atext
_btxt
_2rdacontent
337 _aunmediated
_bn
_2rdamedia
338 _avolume
_bnc
_2rdacarrier
490 0 _aسلسلة روائع السيرة الذاتية
650 4 _aالشعر العربي
_97196
999 _aA156
_c3724
_d3724